000 00509nam a2200181Ia 4500
005 20250326123646.0
008 250326s9999 xx 000 0 und d
037 _aTextbook
040 _aFMSL
_beng
_cFMSL
041 _aeng
_2eng
084 _aX9W:8 M1
_qFMSL
100 _aShaw W C
_9278088
245 0 _aHow to do a company plan and put it into action
_cShaw W C
260 _aLondon
_bLondon, Business Books
_c1981
300 _a220p
942 _cTB
_hX9W:8 M1
999 _c1270365
_d1270365